000 00959cam a2200277 a 4500
001 25403
003 BD-RjUL
005 20211209050856.0
008 140317s1987 ii acf 001 0 eng
020 _a0706937554 :
035 _a(BD-RjUL)25474
040 _aDLC
_cDLC
_dDLC
_beng
041 1 _aeng
_hurd
_hpus
082 0 0 _a954.04
_219
_bWAF 1987
100 1 _aWali Khan, Khan Abdul,
_d1917-2006.
_978114
245 1 0 _aFacts are facts :
_bthe untold story of India's partition /
_cWali Khan ; translation by Syeda Saiyidain Hameed.
260 _aNew Delhi :
_bVikas Pub. House,
_cc1987.
300 _axii, 182 p., [8] p. of plates :
_bill., ports. ;
_c23 cm.
500 _aTranslated from Urdu, originally written in Pushto.
500 _aIncludes index.
651 0 _aIndia
_xHistory
_yPartition, 1947.
_967867
651 0 _aIndia
_xPolitics and government
_y1919-1947.
_978115
942 _2ddc
_cBK
999 _c25403
_d25403